02089 2200301 4500001002100000005001500021035002000036007000300056008004100059020002200100082001000122084001600132100003100148245003000179250001400209300003400223650002500257700002600282520121500308264004201523336002101565337003001586338002301616504002001639505010601659990001101765990001101776INLIS00000000002232620250120025738 a0010-0125000015ta250120 g 0 ind  a978-623-7778-11-0 a153.6 a153.6 CLA s0 aClaudia SabrinaePengarang1 aSeni Membaca Bahasa Tubuh aCetakan 6 aviii + 132 halaman ;c13,5 cm 4aPsikologi Komunikasi0 aTyas TheaePenyunting aSatu-satunya bahasa yang dapat dipahami oleh sebagian besar orang di dunia adalah bahasa tubuh, atau yang sering disebut dengan gestur. Secara universal, bahasa tubuh memiliki arti yang sama di sebagian kultur. Dilihat dari jenisnya, bahasa tubuh sangatlah bermacam-macam dan beberapa memiliki arti yang ambigu. Namun, hal itu tidak menghalangi manusia untuk tetap menggunakan bahasa nonverbal ini. Gerakan tubuh sangatlah membantu dalam hal berkomunikasi dengan orang lain. Oleh sebab itu, gerakan tubuh memiliki banyak sekali manfaat jika kita mampu mempelajari dan menganalisis bahasa tubuh secara detail. "Body language is more fascinating to me than actual language." Sebuah kutipan dari Michelle Yeoh ini benar adanya. Ketika bahasa verbal tidak bisa dipahami, masih ada bahasa lain yang dapat menyatukan kita, yakni bahasa tubuh. Buku Seni Membaca Bahasa Tubuh dapat dibaca oleh semua kalangan yang ingin meningkatkan kemampuan berkomunikasinya dengan bahasa tubuh yang tepat. Dengan bahasa tubuh yang sesuai, pesan yang ingin disampaikan menjadi lebih jelas. Segera dapatkan buku Seni Membaca Bahasa Tubuh hanya di Gramedia terdekat di kota Anda atau pesan secara online di gramedia.com! aYogyakarta :bBright Publisher,c2024 2rdacontentaTeks 2rdamediaaTanpa Perantara 2rdacarrieraLembar a125-128 halaman a1. komunikasi non verbal 2. mengenal bahasa tubuh 3. manfaat bahasa tubuh 4. poin-poin pembacaan a077583 a077584